| 000 | 01095nam a2200253 a 4500 | ||
|---|---|---|---|
| 001 | 000136609 | ||
| 003 | AM-YEHGA | ||
| 005 | 20250617122829.0 | ||
| 008 | 981120s1972 bw ||||gr|||||||||0|rus|d | ||
| 040 | _aAM-YeHGA | ||
| 041 | 0 | _arus | |
| 245 | 0 | 0 |
_aОпорная скважина № 2 Оршанской впадины / _cВ.Я. Бессонова, А.М. Синичка, В.К. Голубцов, М.Г. Медведева ; Белорус. науч.-исслед. геологоразведочный ин-т. |
| 260 |
_aМинск : _bНаука и техника, _c1972. |
||
| 300 | _a232 с. | ||
| 440 | 0 | _aОпорные скважины СССР | |
| 650 | 1 | 4 | _aБуровые скважины, опорные |
| 700 | 1 | _aБессонова, Вилена Яковлевна | |
| 700 | 1 | _aСиничка, А.М. | |
| 700 | 1 | _aГолубцов, В.К. | |
| 700 | 1 | _aМедведева, М.Г. | |
| 710 | 2 | _aБелорусский научно-исследовательский геологоразведочный институт | |
| 942 |
_2udc _cBK |
||
| 090 | _c46496 | ||
| 999 |
_c45753 _d45753 |
||